| 000 | 00470nam a2200181 a 4500 | ||
|---|---|---|---|
| 001 | 5868 | ||
| 003 | CDMR | ||
| 005 | 20131025101534.0 | ||
| 008 | 130220s1963||||||||||||||||||||||||||||d | ||
| 040 |
_aCDMR _bcat _cCDMR |
||
| 100 | 1 |
_aSwanberg, W. A. _92893 |
|
| 245 | 1 | 0 |
_aCitizen Hearst _cW. A. Swanberg |
| 260 |
_aParĂs _bRobert Lafont _c1963 |
||
| 300 |
_a605 p ; _c18 cm |
||
| 490 | 0 | _aL'Histoire que nous vivons | |
| 600 | 1 |
_94186 _aHearst, William R. |
|
| 942 |
_cMON _2udc |
||
| 999 |
_c5868 _d5868 |
||